书目信息 |
| 题名: |
木结构加固技术标准
|
|
| 作者: | 张铭 起草 ;上海建工集团股份公司 , 上海建工四建集团公司 主编 | |
| 分册: | ||
| 出版信息: | 上海 同济大学出版社 2020.12 |
|
| 页数: | 70页 | |
| 开本: | 20cm | |
| 丛书名: | 上海市工程建设规范 | |
| 单 册: | ||
| 中图分类: | TU366.2-65 | |
| 科图分类: | ||
| 主题词: | 建筑结构--jian zhu jie gou--木结构--加固--技术标准--上海 | |
| 电子资源: | ||
| ISBN: | 978-7-5608-9548-2 | |
| 000 | 01435nam 2200325 450 | |
| 001 | CAL 0120217108693 | |
| 005 | 20210317152601.7 | |
| 010 | @a978-7-5608-9548-2@dCNY25.00 | |
| 094 | @aCN@bDG/TJ 08-2332-2020 J 15293-2020 | |
| 100 | @a20210316d2020 em y0chiy0120 ea | |
| 101 | 0 | @achi@eeng |
| 102 | @aCN@b310000 | |
| 105 | @aa l 000yy | |
| 106 | @ar | |
| 200 | 1 | @a木结构加固技术标准@Amu jie gou jia gu ji shu biao zhun@d= Technical standard for strengthening of timber structures@f主编单位上海建工集团股份有限公司, 上海建工四建集团有限公司@zeng |
| 210 | @a上海@c同济大学出版社@d2020.12 | |
| 215 | @a70页@c图@d20cm | |
| 225 | 2 | @a上海市工程建设规范@Ashang hai shi gong cheng jian she gui fan |
| 300 | @a上海市住房和城乡建设管理委员会发布 2020-08-24发布 2021-02-21实施 | |
| 314 | @a起草人: 张铭 ... [等] | |
| 330 | @a为在木结构加固过程中做到技术先进、安全可靠、经济合理、保障质量和保护环境, 制定本标准。 | |
| 410 | 0 | @12001 @a上海市工程建设规范 |
| 510 | 1 | @aTechnical standard for strengthening of timber structures@zeng |
| 606 | 0 | @a建筑结构@Ajian zhu jie gou@x木结构@x加固@x技术标准@y上海 |
| 690 | @aTU366.2-65@v5 | |
| 701 | 0 | @a张铭@Azhang ming@4起草 |
| 712 | 02 | @a上海建工集团股份公司@Ashang hai jian gong ji tuan gu fen gong si@4主编 |
| 712 | 02 | @a上海建工四建集团公司@Ashang hai jian gong si jian ji tuan gong si@4主编 |
| 801 | 0 | @aCN@b人天书店@c20210316 |
| 905 | @aTSG@b0000149@dTU366.2-65@eZ142@f2 | |
| 木结构加固技术标准= Technical standard for strengthening of timber structures/主编单位上海建工集团股份有限公司, 上海建工四建集团有限公司.-上海:同济大学出版社,2020.12 |
| 70页:图;20cm.-(上海市工程建设规范) |
| 上海市住房和城乡建设管理委员会发布 2020-08-24发布 2021-02-21实施 |
| ISBN 978-7-5608-9548-2:CNY25.00 |
| 为在木结构加固过程中做到技术先进、安全可靠、经济合理、保障质量和保护环境, 制定本标准。 |
| ● |
| 相关链接 |
|
|
|
正题名:木结构加固技术标准
索取号:TU366.2-65/Z142
 
预约/预借
| 序号 | 登录号 | 条形码 | 馆藏地/架位号 | 状态 | 备注 |
| 1 | 1531096 | 215310964 | 建筑库101/101建筑库 84排3列4层/ [索取号:TU366.2-65/Z142] | 在馆 | |
| 2 | 1531097 | 215310973 | 建筑库101/101建筑库 84排3列4层/ [索取号:TU366.2-65/Z142] | 在馆 |